000 nam a22 7a 4500
999 _c9190
_d9190
008 180124b ||||| |||| 00| 0 eng d
100 _aPeak Mountain
_95451
245 _aShe saw Jesus
260 _aNew Delhi
_bM.P.
_c2008